000 00537nam a2200181Ia 4500
003 OSt
005 20200915104831.0
008 190216s9999||||xx |||||||||||||| ||und||
020 _a853310688
040 _coclc
082 _a492.7
_bHAY/K
100 _aHaywood, J A
_94583
245 0 _aKey To A New Arabic Grammer Of The Written Language /
_cJ A Haywood ; H M Nahmad
260 _bLund Humphries,
_c1990.
_a London:
300 _a151p
650 _aArabic Grammer
942 _cBK
_2ddc
_h492.7
_iHAY/K
_k492.7
_mHAY/K
999 _c568
_d568